| 000 | 02132nam a2200445 a 4500 | ||
|---|---|---|---|
| 001 | ebr10480199 | ||
| 003 | CaPaEBR | ||
| 006 | m u | ||
| 007 | cr cn||||||||| | ||
| 008 | 110712s2011 enk sb 001 0 eng d | ||
| 010 | _z 2011453387 | ||
| 020 | _z9781849645812 (e-book) | ||
| 020 | _z9780745330839 (hbk.) | ||
| 020 | _z0745330835 (hbk.) | ||
| 020 | _z9780745330822 (pbk.) | ||
| 020 | _z0745330827 (pbk.) | ||
| 040 |
_aCaPaEBR _cCaPaEBR |
||
| 035 | _a(OCoLC)742516299 | ||
| 043 |
_ad------ _af------ _aa------ |
||
| 050 | 1 | 4 |
_aJC574.2.D44 _bR43 2011eb |
| 245 | 0 | 0 |
_aReclaiming the nation _h[electronic resource] : _bthe return of the national question in Africa, Asia and Latin America / _cedited by Sam Moyo and Paris Yeros. |
| 260 |
_aLondon ; _aNew York : _bPluto Press ; _aNew York : _bDistributed in the United States of America exclusively by Palgrave Macmillan, _c2011. |
||
| 300 | _ax, 350 p. | ||
| 504 | _aIncludes bibliographical references and index. | ||
| 505 | 0 | _apt. 1. Africa -- pt. 2. Asia -- pt. 3. Latin America. | |
| 520 | _a"This book compares the trajectories of states and societies in Africa, Asia and Latin America under neoliberalism, a time marked by serial economic crises, escalating social conflicts, the re-militarisation of North-South relations and the radicalisation of social and national forces"--P. [4] of cover. | ||
| 533 |
_aElectronic reproduction. _bPalo Alto, Calif. : _cebrary, _d2013. _nAvailable via World Wide Web. _nAccess may be limited to ebrary affiliated libraries. |
||
| 650 | 0 |
_aNeoliberalism _zDeveloping countries. |
|
| 650 | 0 | _aRegional economic disparities. | |
| 650 | 0 |
_aSocial conflict _zDeveloping countries. |
|
| 650 | 0 |
_aNationalism _zDeveloping countries. |
|
| 650 | 0 |
_aNationalism _zAfrica. |
|
| 650 | 0 |
_aNationalism _zAsia. |
|
| 650 | 0 |
_aNationalism _zLatin America. |
|
| 655 | 7 |
_aElectronic books. _2local |
|
| 700 | 1 | _aMoyo, Sam. | |
| 700 | 1 |
_aYeros, Paris, _d1968- |
|
| 710 | 2 | _aebrary, Inc. | |
| 856 | 4 | 0 |
_uhttp://site.ebrary.com/lib/rucke/Doc?id=10480199 _zAn electronic book accessible through the World Wide Web; click to view |
| 999 |
_c118265 _d118265 |
||